000 00749nam a2200289Ia 4500
005 20260324112850.0
008 008 260324s9999 xx 000 0 eng d
020 _a9781003482024
037 _aEBOOK
040 _aCRL
040 _beng
040 _cCRL
041 _2eng
041 _aeng
084 _qCRL
100 _aNatalia Ingebretsen Kucirkova
_91144458
245 0 _aOlfaction in Early Childhood Research and Practice
245 0 _bHow the Study of Smell Charts New Frontiers in Early Education
260 _bTaylor and Francis
260 _c2024
365 _a
365 _b80.99
856 _uhttp://www.taylorfrancis.com/books/9781003482024
942 _cEBOOK
999 _c1733834
_d1733834